EU ja NATO maat - Statistics

Yleistilastot
  • Tätä visaa on pelattu 267 kertaa
    235 viimeisimmän päivityksen jälkeen
  • Keskiarvotulos 17 / 21
Vastaustilastot
Maa EU:ssa ja NATO:ssa % Oikein
Ranska
97%
Saksa
97%
Espanja
91%
Latvia
91%
Viro
91%
Italia
90%
Liettua
90%
Puola
90%
Alankomaat
85%
Belgia
85%
Portugali
84%
Kreikka
80%
Slovakia
80%
Tanska
78%
Slovenia
77%
Unkari
76%
Tšekki
73%
Romania
71%
Luxemburg
67%
Kroatia
66%
Bulgaria
63%
Ehtoja vastaavia visoja ei löytynyt
Tulosjakauma
Jokaisen tuloksen saaneiden osuus
Persentiili vastausten määrän mukaan
Tuloshistoriasi
Et ole pelannut tätä visaa sen viimeisimmän päivityksen jälkeen